Datum a čas kvízu

31.5 Celkem bodů Celkový počet nahraných bodů na tomto kvízu bez doplňovacích otázek.
10. Pořadí na kvízu Konečné umístění týmu na tomto kvízu.

Zaznamenané odpovědi

# Otázka Odpověď Body Výsledky
1. V médiích se minulý týden hojn... Michal Hašek 1
2. V keňské rezervaci Laikipia Wi... levhart černý (uznáváme i leopard, panter nebo pardál) 1
3. V Křižíkově pavilonu v pražský... Pixar 1
4. Jak se jmenuje slavný hollywoo... Harrison Ford 0
5. Jak se jmenuje historicky prvn... Petra Vlhová 0
6. Dlouhé názvy filmů byly v módě... v neděli ráno 1
5. V roce 1981 natočil režisér Mi... Matěji, proč 1
5. Kultovní režisér Woody Allen v... báli jste se zeptat 1
5. Volné pokračování úspěšné sati... to se počítá, pánové... 1
5. Francouzsko - španělská komedi... budeme zlí 1